Historia económica y social de la edad media : (Registro nro. 5406)
[ vista simple ]
| 000 -LEADER | |
|---|---|
| fixed length control field | 01514nam a2200325Ia 4500 |
| 003 - CONTROL NUMBER IDENTIFIER | |
| control field | OSt |
| 005 - DATE AND TIME OF LATEST TRANSACTION | |
| control field | 20200521084900.0 |
| 008 - FIXED-LENGTH DATA ELEMENTS--GENERAL INFORMATION | |
| fixed length control field | 191128s1977 ck gr 000 0dspa d |
| 020 ## - INTERNATIONAL STANDARD BOOK NUMBER | |
| International Standard Book Number | 8437500001 |
| 040 ## - CATALOGING SOURCE | |
| Original cataloging agency | CO-JMCR |
| Transcribing agency | CO-JMCR |
| 041 1# - LANGUAGE CODE | |
| Language code of text/sound track or separate title | spa |
| Language code of original | Vie |
| 082 04 - DEWEY DECIMAL CLASSIFICATION NUMBER | |
| Classification number | 330.09 / |
| Item number | P667h |
| Edition number | 23 |
| 100 1# - MAIN ENTRY--PERSONAL NAME | |
| Personal name | Pirenne, Henri, |
| Relator term | autor |
| 9 (RLIN) | 4604 |
| 245 10 - TITLE STATEMENT | |
| Title | Historia económica y social de la edad media : |
| Remainder of title | con un anexo bibliográfico y crítico / |
| Statement of responsibility, etc. | Henri Pirenne ; H. Van Werveke ; traducción de Salvador Echavarría ; traducción del anexo bibliográfico y crítico Martí Soler-Vinyes |
| 260 ## - PUBLICATION, DISTRIBUTION, ETC. | |
| Place of publication, distribution, etc. | México, Bogotá : |
| Name of publisher, distributor, etc. | Fondo de Cultura Económica, |
| Date of publication, distribution, etc. | 1977 |
| 300 ## - PHYSICAL DESCRIPTION | |
| Extent | 267 páginas ; |
| Dimensions | 20 cm. |
| 490 0# - SERIES STATEMENT | |
| Series statement | Sección de obras de economía |
| 500 ## - GENERAL NOTE | |
| General note | Incluye índice analítico páginas 251-262 |
| 504 ## - BIBLIOGRAPHY, ETC. NOTE | |
| Bibliography, etc. note | Bibliografía: páginas 189-249 |
| 505 ## - FORMATTED CONTENTS NOTE | |
| Formatted contents note | El renacimiento del comercio -- Las villas -- La tierra y las clases rurales -- El movimiento comercial hasta fines del siglo xiii -- Importaciones y exportaciones hasta fines del siglo XIII -- La economía urbana y la reglamentación de la industria |
| 534 ## - ORIGINAL VERSION NOTE | |
| Introductory phrase | Historie economique et sociale du Moyen-Age |
| 546 ## - LANGUAGE NOTE | |
| Language note | Traducido del francés |
| 650 14 - SUBJECT ADDED ENTRY--TOPICAL TERM | |
| Topical term or geographic name entry element | Historia económica |
| 9 (RLIN) | 4605 |
| 650 24 - SUBJECT ADDED ENTRY--TOPICAL TERM | |
| Topical term or geographic name entry element | Movimiento comercial |
| 9 (RLIN) | 4606 |
| 650 24 - SUBJECT ADDED ENTRY--TOPICAL TERM | |
| Topical term or geographic name entry element | Economía urbana |
| 9 (RLIN) | 4213 |
| 700 1# - ADDED ENTRY--PERSONAL NAME | |
| Personal name | Werveke, H. Van, |
| Relator term | crítico |
| 9 (RLIN) | 4607 |
| 700 1# - ADDED ENTRY--PERSONAL NAME | |
| Personal name | Echavarría, Salvador, |
| Relator term | traductor |
| 9 (RLIN) | 4608 |
| 700 1# - ADDED ENTRY--PERSONAL NAME | |
| Personal name | Soler-Vinyes, Martí, |
| Relator term | traductor |
| 9 (RLIN) | 4609 |
| 942 ## - ADDED ENTRY ELEMENTS (KOHA) | |
| Source of classification or shelving scheme | Dewey Decimal Classification |
| Koha item type | Books |
| Withdrawn status | Lost status | Source of classification or shelving scheme | Materials specified (bound volume or other part) | Damaged status | Not for loan | Home library | Current library | Shelving location | Date acquired | Source of acquisition | Cost, normal purchase price | Total Checkouts | Full call number | Barcode | Date last seen | Copy number | Price effective from | Koha item type |
|---|---|---|---|---|---|---|---|---|---|---|---|---|---|---|---|---|---|---|
| Dewey Decimal Classification | Donación--15/04/2018-- | Biblioteca Pública José María del Castillo y Rada | Biblioteca Pública José María del Castillo y Rada | General Stacks | 11/28/2019 | Donación | 0.00 | 330.09 / P667h | 430001869 | 05/16/2024 | Ej.1 | 11/28/2019 | Books |